| 000 | 01096 a2200253 4500 | ||
|---|---|---|---|
| 001 | 9457 | ||
| 010 | _a2264001364 | ||
| 090 | _a9457 | ||
| 099 | _tLIVR | ||
| 100 | _a19770607d1977 m y0frey50 ba | ||
| 101 | 0 | _afre | |
| 102 | _aFR | ||
| 200 | 1 |
_aLe Signifiant imaginaire _bLIVR _ePsychanalyse et Cinm̌a _fChristian Metz |
|
| 210 |
_aParis _cUnion gňřale d'ďitions _d1977 |
||
| 215 |
_a370 p. _ccouv. ill. en coul. _d18 cm |
||
| 225 |
_a10-18 _v1134 _fChristian Bourgois |
||
| 330 | _a | ||
| 606 |
_311965199 _aSm̌iotique et cinm̌a _925743 |
||
| 606 |
_311970727 _aPsychanalyse et cinm̌a _925744 |
||
| 700 |
_312306614 _aMetz _bChristian _4070 _925745 |
||
| 702 |
_4440 _aBernard _bPierre _925746 |
||
| 801 | 0 |
_aFR _bFR-751131015 _c19770607 _gAFNOR |
|
| 801 | 0 |
_aTN _b32Bis |
|
| 830 | _aABA | ||